| 000 | 00514nam a2200181Ia 4500 | ||
|---|---|---|---|
| 005 | 20250423100245.0 | ||
| 008 | 250422s9999 xx 000 0 und d | ||
| 020 | _a9780679776505 | ||
| 050 | _aPS 3560.E474 .J46/ | ||
| 100 | _aJen, Gish. | ||
| 245 | 0 | _aMona in the promised land | |
| 260 | _aNew York | ||
| 260 | _bKnopf | ||
| 260 | _c1996 | ||
| 300 | _a303 p | ||
| 650 | _aChinese American families--Fiction. Chinese Americans--Fiction. Girls--Fiction. Westchester County (N.Y.)--Fiction. | ||
| 942 | _cBK | ||
| 999 |
_c32753 _d32753 |
||